Statistics for American Horror Story Characters

Click here to take the quiz!

General Stats

  • This quiz has been taken 502 times
  • The average score is 13 of 30

Answer Stats

HintAnswer% Correct
The SupremeFiona Goode
73%
Everyone's favourite sociopathTate Langdon
69%
Head of the FreakshowElsa Mars
66%
Runs BriarcliffSister Jude
66%
A journalist who gets too involvedLana Winters
62%
Blamed for murders he did not commitKit Walker
61%
"Swamp Witch"Misty Day
59%
Young girl who kills herselfViolet Harmon
58%
Has "Lobster hands"Jimmy Darling
56%
Cheated with his studentBen Harmon
51%
Hollywood diva with telekinesisMadison Montgomery
50%
A very unfortunate motherConstance Langdon
49%
Younger Nun who appears in both Asylum and FreakshowSister Mary Eunice
47%
Daughter of the SupremeCordelia Foxx
46%
Quirky Witch- burnt twiceMyrtle Snow
46%
Gives birth to the antichristVivien Harmon
44%
Spoilt rich kid who has an issue with animalsDandy Mott
43%
Wife of the Murder House's first ownerNora Montgomery
41%
The Maid with two appearancesMoira O'Hara
36%
Talented witch with "Black Widow" powersZoe Benson
30%
Nazi doctorArthur Arden
29%
Can Speak to the deadBillie Dean Howard
28%
Rich mother of a psychopathGloria Mott
28%
Twins who share too muchBette and Dot Tattler
26%
An attractive college studentKyle Spencer
25%
Psychopathic psychiatristOliver Thredson
20%
Appears by the dying in AsylumAngel of Death
18%
Cheating boyfriend of the abovePatrick
18%
Obsessed with which type of apples to use for HalloweenChad Warwick
14%
Falls in love with Kit- axe murderessGrace Bertrand
13%

Score Distribution

Percentile by Number Answered

Percent of People with Each Score

Your Score History

You have not taken this quiz